Vista normal Vista MARC

Entrada Nombre personal

Número de registros utilizados en: 1

001 - NÚMERO DE CONTROL

  • Campo de control: 45772

003 - IDENTIFICADOR DE NÚMERO DE CONTROL

  • Campo de control: OSt

005 - FECHA Y HORA DE LA ULTIMA MODIFICACION

  • Campo de control: 20210916120602.0

008 - ELEMENTOS DE DATOS DE LONGITUD FIJA

  • Campo de longitud fija: 210916|| aca||aabn | a|a d

040 ## - FUENTE DE LA CATALOGACIÓN

  • Agencia original de catalogación: OSt

100 1# - ENCABEZAMIENTO--NOMBRE DE PERSONA

  • Nombre personal: Manzanares Salguero, Silvia Margot

670 ## - FUENTE DE DATOS ENCONTRADOS

  • Fuente de citación: Investigación, Para dotar de un modelo de gestión de calidad ambiental, al Hospital Nacional San Juan de Dios de Santa Ana.

670 ## - FUENTE DE DATOS ENCONTRADOS

  • Fuente de citación: BMC.- 16-09-2021